000 00390nab a2200133Ia 4500
003 ES-SlBCS
005 20210601125248.0
008 140529s1985 xxu||||| |||| 00| 0 eng d
041 _aeng
100 1 _aConee, Earl B.
_9132860
245 0 0 _aOn Seeking a Rationale
_c Earl B. Conee
773 0 _tPhilosophy and Phenomenological Research
_gvol. 45, 1985, págs. 601-610
_wRev1411
942 _cAR
999 _c527447
_d527447